000 00476nam a2200193Ia 4500
005 20240823032443.0
008 240823s9999||||xx |||||||||||||| ||und||
020 _a978-81-315-1280-7
041 _aENGLISH
082 _A541 Q0
100 _aMani R P et al.
245 0 _aEngineering Chemistry
250 _a1st
260 _c2010
_bCengage Learning
_aNew Delhi
500 _aTRANSFERED
650 _aEngineering Chemistry
_bChemistry
942 _cBK
999 _c193478
_d193478